000 00547nam a2200229Ia 4500
003 OSt
005 20220918200233.0
006 a|||||r|||| 00| 0
007 ta
008 220917b |||||||| |||| 00| 0 eng d
024 _a87,901
037 _cTextual
040 _aARTS
_cARTS
_beng
041 _2eng
_aeng
082 _aU:3:P:312, K1
100 _aCameron K
_993148
245 0 _aEnglish place names
260 _c1961
650 _aGEOGRAPHY
942 _hU:3:P:312, K1
_cTEXL
_2CC
999 _c211591
_d211591